Statistiques concernant Les 10 pays les plus heureux au monde

Cliquez ici pour prendre le quiz!

Statistiques générales

  • Ce quiz a été pris 412 fois
  • Le résultat moyen est 7 sur 10

Statistiques - réponses

PositionRéponse% Correct
7Norvège
93%
6Suède
93%
1Finlande
88%
2Danemark
82%
8Suisse
80%
3Islande
75%
5Pays Bas
66%
9Luxembourg
58%
10Nouvelle Zélande
47%
4Israel
23%

Distribution des résultats

Percentile par nombre de réponses

% des personnes avec chaque résultat

Votre développement - résultats

Vous n’avez pas pris ce quiz